LEADER 00891nam0-2200337-i-450- 001 990008856410403321 005 20090519141420.0 010 $a0-415-03038-2 035 $a000885641 035 $aFED01000885641 035 $a(Aleph)000885641FED01 035 $a000885641 100 $a20090519d1989----km-y0itay50------ba 101 0 $aeng 102 $aGB 105 $aa---a---001yy 200 1 $a<>practice of mathematics$fYvette Solomon 210 $aLondon$cRoutledgec$dc1989 215 $a203 p.$d24 cm 225 1 $aInternational library of Psycology 610 0 $aEducazione matematica 676 $a372.7 700 1$aSolomon,$bYvette$0505715 801 0$aIT$bUNINA$gRICA$2UNIMARC 901 $aBK 912 $a990008856410403321 952 $aCPDM-97-066$b59$fMA1 959 $aMA1 962 $a97Cxx 996 $aPractice of mathematics$9804131 997 $aUNINA